000 00635nam a2200217Ia 4500
005 20250508162135.0
008 008 250505s9999 xx 000 0 eng d
020 _a0-19-502652-7
037 _aTextual
040 _aFEDL
_beng
_cFEDL
041 _aeng
_2eng
084 _a157, KAZ
_qFEDL
100 _aKazdin Alan E. Ed.
245 0 _aNew Perspectives in abnormal psychology
260 _aNew York, USA
_bOxford University Press
_c1980
300 _ax,586p.
650 _aAbnormal Psychology
700 _a Bellack Alan S. Ed. Hersen Michel Ed.
_9772408
942 _cTEXL
_h157, KAZ
999 _c1374612
_d1374612